000 00591nam a2200193 i 4500
001 82568
003 ES-MaACL
005 20230906174709.0
007 t|
008 041111s1966 sp ||||1| cat d
245 0 0 _aImperialisme a l'est europeu /
_cpróleg [y traducción] de Manuel Cruells.
260 _aBarcelona :
_b[Mediterránea],
_c1966.
300 _a44 p. ;
_c22 cm.
490 1 _aEdicións d'aportació catalana ;
_v26
700 1 _aCruells, Manuel.
_941767
830 0 _aEdicións d'aportació catalana ;
_v26
_9182321
852 _aES-MaACL
_j2048-F-17
999 _c82568
_d82568